Gamification in knowledge management systems

Gamifikácia - definícia pojmu. Prvky hry v KMS gamifikácii. Implementácia gamifikácie v KMS.

Saved in:
Bibliographic Details
Main Author: Ďuriník, Michal
Format: Book Chapter
Language:English
Subjects:
Tags: Add Tag
No Tags, Be the first to tag this record!

MARC

LEADER 00000nla a2200000 4500
001 0213014
005 20230425084222.5
041 0 |a eng 
044 |a CZ 
245 1 0 |a Gamification in knowledge management systems  |c Michal Ďuriník 
520 |a Gamifikácia - definícia pojmu. Prvky hry v KMS gamifikácii. Implementácia gamifikácie v KMS. 
610 2 0 |a hry simulačné manažérske 
610 2 0 |a manažment znalostný 
610 2 0 |a gamifikácia 
100 1 |a Ďuriník, Michal